Logos des équipes de Ligue 2 - Statistiques

Statistiques générales
  • Ce quiz a été pris 672 fois
  • Le résultat moyen est 15 sur 18
Statistiques - réponses
Par images Réponse % Correct
FC Metz
99%
SC Bastia
97%
Clermont Foot 63
95%
Paris FC
95%
ESTAC Troyes
93%
FC Lorient
92%
AC Ajaccio
91%
Red Star FC
91%
EA Guingamp
90%
Grenoble Foot 38
89%
Rodez AF
88%
SM Caen
86%
Stade Lavallois
79%
USL Dunkerque
77%
FC Annecy
75%
Amiens SC
73%
FC Martigues
60%
Pau FC
59%
Aucun quiz correspondant
Distribution des résultats
% des personnes avec chaque résultat
Percentile par nombre de réponses
Votre historique - résultats
Vous n’avez pas pris ce quiz